00547nam a22001817a 4500003000900000008004100009040007100050082001900121100002300140245002200163260005900185300002700244505003100271650001600302650002000318650001400338650001300352AR-CdUCM190322b ||||| |||| 00| 0 spa d aMUNICIPALIDAD PROVINCIAL DEL CUSCOcBIBLIOTECA MUNICIPAL DEL CUSCO a831.609 /bD57 aDilthey, Wilhelm,  aVida y poesía / aMéxico, D.F :bFondo de Cultura Económica, c1978. a428 paginas ;c 23 cm. aContenido : Vida y Poesia  aLiteratura  aPoeisa y versos abiografia aSiglo XX